000 00318nam a22001217a 4500
020 _a0-672-20657-9
082 _a621.381 BAS'B
100 _aMANN, G. A,IRVIN, D. G,BURKE, W. E
_978359
245 _aBASIC D.C PRINCIPLES THIS IS ELECTRONIC
250 _aVOL-1
260 _aNEWYORK
_bHOWARD W. SAMS
_c1969
942 _cBK
999 _c583495
_d583495